Zdanenie príjmov slobodných povolaní v kontexte medzinárodného daňového práva s príkladmi
Príspevok sa zaoberá otázkou zdaňovania príjmov slobodných povolaní, špeciálne príjmov definovaných v paragrafe 6 ods. 2 písm. a) zákona č. 595/2003 Z.z. o dani z príjmov v znení neskorších predpisov, príjmov z použitia alebo z poskytnutia práv z priemyselného alebo iného duševného vlastníctva vráta...
Salvato in:
| Autore principale: | |
|---|---|
| Natura: | Capitolo di libro |
| Lingua: | slovacco |
| Soggetti: | |
| Tags: |
Nessun Tag, puoi essere il primo ad aggiungerne!!
|
MARC
| LEADER | 00000naa$a2200000$$$4500 | ||
|---|---|---|---|
| 001 | 0024123 | ||
| 005 | 20231106070714.9 | ||
| 041 | 0 | |a slo | |
| 044 | |a SK | ||
| 245 | 1 | 0 | |a Zdanenie príjmov slobodných povolaní v kontexte medzinárodného daňového práva s príkladmi |c Jana Borčíková |
| 520 | |a Príspevok sa zaoberá otázkou zdaňovania príjmov slobodných povolaní, špeciálne príjmov definovaných v paragrafe 6 ods. 2 písm. a) zákona č. 595/2003 Z.z. o dani z príjmov v znení neskorších predpisov, príjmov z použitia alebo z poskytnutia práv z priemyselného alebo iného duševného vlastníctva vrátane autorských práv a práv príbuzných autorskému právu, a to vrátane príjmov z vydávania, rozmnožovania a rozširovania literárnych a iných diel na vlastné náklady. | ||
| 610 | 2 | 0 | |a povolania |
| 610 | 2 | 0 | |a predpisy právne |
| 610 | 2 | 0 | |a právo medzinárodné |
| 610 | 2 | 0 | |a príjmy |
| 610 | 2 | 0 | |a zdaňovanie |
| 100 | 1 | |a Borčíková, Jana | |